Apanī ḍālī ke kāṇṭe. (Record no. 80609)

MARC details
000 -LEADER
fixed length control field 00612cam a22002291a 4500
001 - CONTROL NUMBER
control field sa 68005255
003 - CONTROL NUMBER IDENTIFIER
control field DLC
005 - DATE AND TIME OF LATEST TRANSACTION
control field 20260227112507.0
008 - FIXED-LENGTH DATA ELEMENTS--GENERAL INFORMATION
fixed length control field 881102s1968 ii 000 0 hino
010 ## - LIBRARY OF CONGRESS CONTROL NUMBER
LC control number sa 68005255
035 ## - SYSTEM CONTROL NUMBER
System control number (OCoLC)23552942
040 ## - CATALOGING SOURCE
Original cataloging agency DLC
Transcribing agency MiU
Modifying agency WaU
-- DLC
042 ## - AUTHENTICATION CODE
Authentication code premarc
043 ## - GEOGRAPHIC AREA CODE
Geographic area code a-ii---
050 00 - LIBRARY OF CONGRESS CALL NUMBER
Classification number DS421.5
Item number .C45
100 0# - MAIN ENTRY--PERSONAL NAME
Personal name Saṃsāra Candra,
Dates associated with a name 1917-
245 10 - TITLE STATEMENT
Title Apanī ḍālī ke kāṇṭe.
260 ## - PUBLICATION, DISTRIBUTION, ETC.
Place of publication, distribution, etc. Dillī :
Name of publisher, distributor, etc. Umeśa Prakāśana,
Date of publication, distribution, etc. 1968.
300 ## - PHYSICAL DESCRIPTION
Extent 118 p. ;
Dimensions 19 cm.
546 ## - LANGUAGE NOTE
Language note In Hindi.
651 #0 - SUBJECT ADDED ENTRY--GEOGRAPHIC NAME
Geographic name India
General subdivision Social life and customs
Form subdivision Anecdotes.

No items available.

Powered by Koha